000 00166nam a2200073Ia 4500
008 170524s9999 xx 000 0 und d
100 _aHERMANSON
245 0 _aACCOUNTING
260 _bLONDON: VERMILLON
999 _c7927
_d7927